000 00896nam a22002177a 4500
008 140130t mx||||| |||| 00| 0 spa d
020 _a9786070302701
050 0 4 _aLB1727.M4
_bT46 2011
100 1 _aTenti Fanfani, Emilio
245 1 4 _aLos Docentes mexicanos :
_bdatos e interpretaciones en perspectiva comparada /
_cEmilio Tenti Fanfani, Cora Steinberg.
260 _aMéxico :
_bSiglo XXI,
_c2011
300 _a174 p. :
_bil. ;
_c21 cm.
440 0 _aEducación
504 _aIncluye bibliografía e índice
650 4 _aMaestros
_xCapacitación
_zMéxico
650 4 _aMaestros
_xSociología de la educación
_zAmerica Latina
700 1 _aSteinberg, Cora
_ecoaut.
710 2 _aUNESCO ( Organización de las naciones unidas para la educación, la ciencia y la cultura)
710 2 _aInstituto internacional de planeamiento de la educación (Buenos Aires)
942 _2lcc
_cLIB
999 _c48317
_d48317